Gemeinden im Kanton Luzern - Statistiken

Allgemein
  • Dieses Quiz wurde 267 mal gespielt
  • Das Durchschnittsergebnis liegt bei 37 aus 82
Antwortstatistiken
Bezirk Gemeinde % Korrekt
Willisau Willisau
95%
Luzern-Stadt Luzern
93%
Sursee Sursee
92%
Hochdorf Emmen
90%
Luzern-Land Kriens
85%
Hochdorf Hochdorf
84%
Entlebuch Entlebuch
82%
Sursee Sempach
82%
Luzern-Land Horw
75%
Luzern-Land Ebikon
70%
Willisau Dagmersellen
69%
Luzern-Land Meggen
62%
Entlebuch Wolhusen
62%
Luzern-Land Malters
61%
Sursee Nottwil
61%
Luzern-Land Root
61%
Luzern-Land Adligenswil
59%
Hochdorf Rothenburg
59%
Entlebuch Schüpfheim
57%
Sursee Beromünster
56%
Luzern-Land Weggis
56%
Entlebuch Escholzmatt-Marbach
54%
Hochdorf Inwil
54%
Willisau Hergiswil bei Willisau
52%
Luzern-Land Vitznau
52%
Willisau Reiden
51%
Sursee Ruswil
51%
Luzern-Land Buchrain
49%
Sursee Neuenkirch
49%
Hochdorf Hitzkirch
48%
Luzern-Land Udligenswil
48%
Sursee Knutwil
46%
Willisau Nebikon
46%
Hochdorf Eschenbach (LU)
44%
Willisau Schötz
44%
Luzern-Land Gisikon
43%
Sursee Eich
41%
Entlebuch Flühli
41%
Sursee Oberkirch
41%
Hochdorf Aesch (LU)
39%
Hochdorf Ballwil
39%
Sursee Büron
39%
Luzern-Land Dierikon
38%
Willisau Zell (LU)
38%
Willisau Altbüron
36%
Sursee Buttisholz
36%
Willisau Ettiswil
36%
Entlebuch Hasle (LU)
36%
Willisau Pfaffnau
36%
Sursee Triengen
36%
Willisau Wauwil
36%
Willisau Altishofen
34%
Sursee Grosswangen
34%
Hochdorf Hohenrain
34%
Willisau Menznau
34%
Sursee Schenkon
34%
Willisau Alberswil
33%
Sursee Hildisrieden
33%
Sursee Rickenbach (LU)
33%
Entlebuch Werthenstein
33%
Luzern-Land Meierskappel
31%
Hochdorf Rain
31%
Hochdorf Römerswil
31%
Willisau Grossdietwil
30%
Willisau Luthern
30%
Sursee Mauensee
30%
Willisau Fischbach
28%
Sursee Geuensee
28%
Luzern-Land Greppen
28%
Willisau Egolzwil
26%
Hochdorf Ermensee
26%
Willisau Gettnau
26%
Luzern-Land Honau
26%
Willisau Wikon
26%
Entlebuch Doppleschwand
25%
Hochdorf Schongau
25%
Luzern-Land Schwarzenberg
23%
Entlebuch Romoos
20%
Willisau Ufhusen
20%
Sursee Schlierbach
18%
Hochdorf Altwis
15%
Willisau Roggliswil
15%
Keine übereinstimmenden Quizze gefunden
Verteilung der Resultate
Anzahl Personen mit jedem Resultat
Perzentil nach korrekt beantworteten Fragen
Ihre Resultats-Entwicklung
Sie haben dieses Quiz noch nicht gespielt